Entry Nombre personal
001 - NÚMERO DE CONTROL
- campo de control: 111398
003 - IDENTIFICADOR DE NÚMERO DE CONTROL
- campo de control: SpMaBN
005 - FECHA Y HORA DE LA ÚLTIMA TRANSACCIÓN
- campo de control: 20250817134030.0
008 - ELEMENTOS DE DATO DE LONGITUD-FIJA
- campo de control de longitud fija: 011122n| aijnnaabn |n aac
016 ## - NÚMERO DE CONTROL DE UNA AGENCIA BIBLIOGRÁFICA NACIONAL
- Número de control del registro: BNE20013048241
040 ## - FUENTE DE CATALOGACIÓN
- Centro catalogador/agencia de origen: SpMaBN
- Lengua de catalogación: spa
- Centro/agencia transcriptor: SpMaBN
- Normas de descripción: rdc
- Convención/Normas de encabezamiento de materia/tesauro: embne
046 ## - FECHAS CON CODIFICACIÓN ESPECIAL
- Fecha de nacimiento: 1756
- Fecha de la muerte: 1815
100 1# - ENCABEZAMIENTO-NOMBRE DE PERSONA
- Nombre de persona: Trière, Philippe,
- Fechas asociadas al nombre: 1756-ca. 1815
375 ## - GÉNERO/SEXO
- Género: Masculino
670 ## - FUENTE DE DATOS ENCONTRADOS
- Cita de la fuente: Páez. Repertorio
- Información encontrada: nº 2150 (Triere, Philippe; n. 1756 en Paris m. en 1815)
670 ## - FUENTE DE DATOS ENCONTRADOS
- Cita de la fuente: ULAN, 07-07-2003
- Información encontrada: (french printmaker 1756-ca.1815)
